000 00670nam a2200205 a 4500
003 PILC
005 20150112093440.0
008 100723s19uu xx 00 eng d
020 _a1861520530
050 _aHF 5548.2
_b.R598 1998
082 _aMnSF 658.4038011
_b R51 1998
100 _aRitchie, Bob
_917711
245 _aInformation systems in business /
_cBob Ritchie ... [et.al] ;
260 _aHigh Holborn, London :
_bInternational Thomson Business Press,
_c1998.
300 _a595 pages :
_c19 cm.
650 _aBusiness Firms. Management - Information systems
_917712
700 _aMarshall, David
_917713
700 _aEardley, Alan
_917714
942 _2lcc
_cBK
999 _c14692
_d14692